| 000 | 00966cac a22002771u 4500 | ||
|---|---|---|---|
| 008 | 081111t2008 xxu||||| |||| 00| 0 eng d | ||
| 010 | _a2004102682 | ||
| 020 | _a9780312459864 | ||
| 020 | _a0321459866 | ||
| 035 | _a(DLC) 2004102682 | ||
| 082 |
_a168 _bBAR |
||
| 100 |
_aBarnet, Sylvan. _913975 |
||
| 245 | 1 | 0 |
_aCurrent Issues and Enduring Questions : _bA Guide to Critical Thinking and Argument, with Readings / _cSylvan Barnet, Hugo Bedau. |
| 250 | _a8th ed. | ||
| 260 |
_aBoston, MA : _bBedford/St. Martins, _cc2008. |
||
| 300 |
_axxxviii, 996p. : _c24 cm. _bill.; |
||
| 500 | _a"Includes 2009 MLA & 2010 APA Updates"--- Cover | ||
| 504 | _aIncludes bibliographical references and index. | ||
| 650 |
_aSocial ethics _913978 |
||
| 650 |
_aReligion _913979 |
||
| 650 |
_aPsychology _98403 _vStyle manuals. _xAuthorship |
||
| 650 |
_913976 _aReasoning |
||
| 650 |
_913977 _aLogic |
||
| 700 | 1 |
_aBedau, Hugo _913980 |
|
| 942 |
_cBB _k168 BAR _2ddc |
||
| 999 |
_c13985 _d13985 |
||